Latin conjugaison MONERE actif - Statistiques

Statistiques générales
  • Ce quiz a été pris 87 fois
  • Le résultat moyen est 42 sur 79
Statistiques - réponses
Hint Réponse % Correct
INDICATIF PRESENT P1 moneo
100%
P2 mones
100%
P3 monet
100%
P4 monemus
97%
P6 monent
97%
P5 monetis
97%
P4 monebamus
92%
P6 monebant
92%
P2 monebas
92%
P3 monebat
92%
P5 monebatis
92%
INDICATIF IMPARFAIT P1 monebam
89%
P2 monebis
75%
P3 monebit
75%
INDICATIF FUTUR P1 monebo
75%
P6 monebunt
75%
P4 monebimus
72%
P5 monebitis
72%
INDICATIF PARFAIT P1 monui
72%
P4 monuimus
72%
P3 monuit
72%
P2 monuisti
69%
P5 monuistis
69%
P6 monuerunt / monuere
64%
IMPERATIF PRESENT P2 mone
58%
INFINITIF monere
58%
SUBJONCTIF PRESENT P1 moneam
56%
P4 moneamus
56%
P6 moneant
56%
P2 moneas
56%
P3 moneat
56%
P5 moneatis
56%
INDICATIF PLUS QUE PARFAIT P1 monueram
56%
P4 monueramus
56%
P6 monuerant
56%
P2 monueras
56%
P3 monuerat
56%
P5 monueratis
56%
P4 monuerimus
53%
P6 monuerint
53%
P2 monueris
53%
P3 monuerit
53%
P5 monueritis
53%
INDICATIF FUTUR ANTERIEUR P1 monuero
53%
P5 monete
47%
PARTICIPE PRESENT monens
44%
monens
42%
monentem
36%
SUBJONCTIF IMPARFAIT P1 monerem
36%
P4 moneremus
36%
P6 monerent
36%
P2 moneres
36%
P3 moneret
36%
P5 moneretis
36%
SUBJONCTIF PARFAIT P1 monuerim
36%
P4 monuerimus
36%
P6 monuerint
36%
P2 monueris
36%
P3 monuerit
36%
P5 monueritis
36%
SUBJONCTIF PLUS QUE PARFAIT P1 monuissem
36%
P4 monuissemus
36%
P6 monuissent
36%
P2 monuisses
36%
P3 monuisset
36%
P5 monuissetis
36%
P5 monetote
31%
SUPIN monitum
31%
monentis
28%
IMPERATIF FUTUR P2 moneto
28%
INFINITIF PARFAIT (=avoir averti) monuisse
25%
monens
22%
monendi
14%
monendo
14%
monendo
14%
PARTICIPE FUTUR moniturus, a, um
14%
GERONDIF (ad) monendum
11%
monituros, as, a esse
6%
INFINITIF FUTUR (= sur le point d'avertir) moniturum, am, um esse
6%
Aucun quiz correspondant
Distribution des résultats
% des personnes avec chaque résultat
Percentile par nombre de réponses
Votre historique - résultats
Vous n’avez pas pris ce quiz